| 000 | 00620pam a2200217 a 4500 | ||
|---|---|---|---|
| 001 | 4731927 | ||
| 005 | 20180130053912.0 | ||
| 008 | 840309s1984 njua b 001 0 eng | ||
| 010 | _a 84005962 | ||
| 020 | _a0898592097 | ||
| 040 |
_aDLC _cDLC _dDLC |
||
| 041 | _aeng | ||
| 080 | _a610.19 | ||
| 082 | 0 | 0 |
_a610.19 BAU _a616/.0019 _219 |
| 100 | _a48 | ||
| 101 | _aPSI | ||
| 245 | 0 | 0 |
_aSocial psychological aspects of health / _cedited by Andrew Baum, Shelley E. Taylor, Jerome E. Singer. |
| 504 | _aIncludes bibliographies and indexes. | ||
| 906 |
_a7 _bcbc _corignew _d1 _eocip _f19 _gy-gencatlg |
||
| 942 |
_2ddc _cBK |
||
| 999 |
_c41275 _d41275 |
||